| 000 | 00509nam a2200157 i 4500 | ||
|---|---|---|---|
| 001 | 82902 | ||
| 003 | ES-MaACL | ||
| 005 | 20230906174741.0 | ||
| 007 | t| | ||
| 008 | 041112s1976 sp ||||1| spa d | ||
| 245 | 0 | 0 |
_aEncuesta de equipamiento y nivel cultural de las familias _b: (abril 1975) / _cInstituto Nacional de Estadística. |
| 260 |
_aMadrid : _b[s.n.], _c1976. |
||
| 300 |
_a2 v. ; _c29 cm. |
||
| 710 | 2 |
_aInstituto Nacional de Estadística (España) _95162 |
|
| 852 |
_aES-MaACL _jA-6243-4 _bR.95277 |
||
| 999 |
_c82902 _d82902 |
||